[Event "Oberliga Nord N 1920"]
[Site "Germany"]
[Date "2021.08.14"]
[Round "8.1"]
[White "Pedersen, Steffen"]
[Black "Gaede, Derek"]
[Result "1-0"]
[WhiteElo "2332"]
[BlackElo "2273"]
[PlyCount "55"]
[EventDate "2019.09.29"]
[EventType "team-tourn"]
[EventRounds "9"]
[EventCountry "GER"]
[SourceTitle "EXT 2023"]
[Source "ChessBase"]
[SourceDate "2022.10.05"]
[SourceVersion "1"]
[SourceVersionDate "2022.10.05"]
[SourceQuality "1"]
[WhiteTeam "Preetz"]
[BlackTeam "Hamburger SK III"]
[WhiteTeamCountry "GER"]
[BlackTeamCountry "GER"]

1. d4 Nf6 2. c4 e6 3. Nc3 Bb4 4. g3 0-0 5. Bg2 d5 6. Nf3 dxc4 7. 0-0 c5 8. dxc5 Nc6 9. Qc2 e5 10. Ne4 Nxe4 11. Qxe4 Qe7 12. Ng5 g6 13. Qxc4 Bxc5 14. Ne4 Bd4 15. Bh6 Re8 16. Bg5 Qe6 17. Nf6+ Kh8 18. Bd5 Qf5 19. Nxe8 Qxg5 20. Nc7 Rb8 21. Bxc6 bxc6 22. Qxf7 Bh3 23. Ne8 Qh6 24. Rfd1 Rxb2 25. Rab1 Rxe2 26. Rxd4 exd4 27. Ng7 Rb2 28. Qf8# 1-0

[Event "Hamburg NSJ DLM-Triumph"]
[Site "Hamburg"]
[Date "2019.01.30"]
[Round "6.2"]
[White "Gaede, Derek"]
[Black "Ewert, Hannes"]
[Result "1-0"]
[WhiteElo "2318"]
[BlackElo "2306"]
[PlyCount "107"]
[EventDate "2019.01.26"]
[EventType "schev"]
[EventRounds "10"]
[EventCountry "GER"]
[SourceTitle "CBM 190 Extra"]
[Source "ChessBase"]
[SourceDate "2019.07.15"]
[SourceVersion "1"]
[SourceVersionDate "2019.07.15"]
[SourceQuality "1"]

1. d4 Nf6 2. c4 e6 3. Nf3 b6 4. a3 Bb7 5. Bf4 Be7 6. Nc3 d6 7. d5 e5 8. Bd2 Nbd7 9. b4 c5 10. b5 0-0 11. e4 Ne8 12. Bd3 g6 13. Qc2 Ng7 14. g4 Nf6 15. h3 Bc8 16. Rg1 h5 17. g5 Nh7 18. h4 Bg4 19. Nh2 Bd7 20. 0-0-0 a6 21. bxa6 Rxa6 22. Kb2 f6 23. gxf6 Rxf6 24. Bh6 Qf8 25. f4 Rxf4 26. Rxg6 Bf6 27. Rdg1 Bg4 28. Nxg4 Rxg4 29. R6xg4 hxg4 30. Be2 Kh8 31. Bxg4 Qe7 32. Qf2 Ra8 33. Bf5 Nh5 34. Be6 Bg7 35. Bg5 Qa7 36. Nb5 Qa4 37. Qc2 Qa5 38. Qc3 Qxc3+ 39. Kxc3 Nf4 40. Kd2 Nf6 41. Ke3 Ne8 42. Bf7 Nf6 43. Rg3 Ra4 44. Bxf4 exf4+ 45. Kxf4 Nd7 46. Kf5 Rxc4 47. Nxd6 Rc1 48. Ke6 Nf8+ 49. Ke7 Re1 50. Rxg7 Kxg7 51. Nf5+ Kh7 52. Kxf8 c4 53. d6 c3 54. Bb3 1-0

[Event "Hamburg NSJ DLM-Triumph"]
[Site "Hamburg"]
[Date "2019.01.28"]
[Round "4.4"]
[White "Gaede, Derek"]
[Black "Pajeken, Jakob Leon"]
[Result "0-1"]
[WhiteElo "2318"]
[BlackElo "2287"]
[PlyCount "144"]
[EventDate "2019.01.26"]
[EventType "schev"]
[EventRounds "10"]
[EventCountry "GER"]
[SourceTitle "CBM 190 Extra"]
[Source "ChessBase"]
[SourceDate "2019.07.15"]
[SourceVersion "1"]
[SourceVersionDate "2019.07.15"]
[SourceQuality "1"]

1. d4 Nf6 2. c4 e6 3. Nc3 d5 4. cxd5 Nxd5 5. e4 Nxc3 6. bxc3 c5 7. Nf3 cxd4 8. cxd4 Bb4+ 9. Bd2 Bxd2+ 10. Qxd2 0-0 11. Bc4 Nd7 12. 0-0 b6 13. Rad1 Bb7 14. Rfe1 Rc8 15. Bb3 Qf6 16. h3 Rfd8 17. Qe3 a6 18. d5 Rc3 19. Qd2 Rxf3 20. dxe6 Rxb3 21. exf7+ Qxf7 22. axb3 Bc6 23. Qd6 Rc8 24. Rc1 Nb8 25. Re3 Qd7 26. Qb4 b5 27. e5 Re8 28. Qc3 Qd5 29. f3 Qf7 30. Qc5 Bd5 31. e6 Bxe6 32. Rce1 Rc8 33. Qd6 Bxb3 34. Re7 Qf8 35. Qb6 Bd5 36. Qd4 Bf7 37. Rb7 Nc6 38. Qd7 b4 39. Rc1 Qe8 40. Qf5 Ne7 41. Qf4 Rxc1+ 42. Qxc1 Nd5 43. Qc5 h6 44. Qa7 Qe1+ 45. Kh2 Qe5+ 46. Kh1 Qf6 47. Qa8+ Kh7 48. Qf8 Qa1+ 49. Kh2 Qe5+ 50. Kh1 Be8 51. f4 Nxf4 52. Re7 Qa1+ 53. Kh2 Ng6 54. Qxe8 Nxe7 55. Qxe7 Qd4 56. Qe6 Qf4+ 57. Kh1 Qc1+ 58. Kh2 Qc2 59. Qxa6 b3 60. Qa4 Qc7+ 61. Kh1 Qb7 62. Qc4 b2 63. Qd3+ g6 64. Qb1 Kg7 65. Kg1 Qb4 66. Kh1 Qb5 67. Kh2 Kf6 68. Kh1 Kg5 69. Kh2 h5 70. Kh1 h4 71. Kh2 Qb4 72. Kh1 Qb6 0-1

[Event "Hamburg NSJ DLM-Triumph"]
[Site "Hamburg"]
[Date "2019.01.27"]
[Round "2.1"]
[White "Gaede, Derek"]
[Black "Wachinger, Nikolas"]
[Result "0-1"]
[WhiteElo "2318"]
[BlackElo "2276"]
[PlyCount "86"]
[EventDate "2019.01.26"]
[EventType "schev"]
[EventRounds "10"]
[EventCountry "GER"]
[SourceTitle "CBM 190 Extra"]
[Source "ChessBase"]
[SourceDate "2019.07.15"]
[SourceVersion "1"]
[SourceVersionDate "2019.07.15"]
[SourceQuality "1"]

1. d4 Nf6 2. Nf3 d5 3. Bf4 c5 4. e3 Nc6 5. Nbd2 e6 6. c3 cxd4 7. exd4 Nh5 8. Be3 Bd6 9. Ne5 g6 10. Nd3 Ng7 11. Bf4 Nf5 12. Nf3 0-0 13. Qd2 f6 14. 0-0-0 Qc7 15. Kb1 b6 16. h4 Ba6 17. Bxd6 Nxd6 18. Nf4 Ne4 19. Qe3 Bxf1 20. Rhxf1 Rfe8 21. Nd2 Nd6 22. Rfe1 Nf5 23. Qf3 Qf7 24. g3 Rad8 25. Nb3 a5 26. Qd3 Nd6 27. Qa6 Rb8 28. Nc5 bxc5 29. Qxc6 Ne4 30. Rc1 Qb7 31. Qxb7 Rxb7 32. dxc5 Kf7 33. c4 Nd2+ 34. Ka1 Nxc4 35. b3 Ne5 36. c6 Rc7 37. Rc5 Ra8 38. Rc2 Ra6 39. Nxe6 Kxe6 40. f4 Raxc6 41. Rce2 Rc1+ 42. Rxc1 Rxc1+ 43. Kb2 Rc8 0-1

[Event "Hamburg NSJ DLM-Triumph"]
[Site "Hamburg"]
[Date "2019.01.26"]
[Round "1.2"]
[White "Ewert, Hannes"]
[Black "Gaede, Derek"]
[Result "0-1"]
[WhiteElo "2306"]
[BlackElo "2318"]
[PlyCount "140"]
[EventDate "2019.01.26"]
[EventType "schev"]
[EventRounds "10"]
[EventCountry "GER"]
[SourceTitle "CBM 190 Extra"]
[Source "ChessBase"]
[SourceDate "2019.07.15"]
[SourceVersion "1"]
[SourceVersionDate "2019.07.15"]
[SourceQuality "1"]

1. e4 e6 2. d4 d5 3. Nd2 c5 4. exd5 Qxd5 5. Ngf3 cxd4 6. Bc4 Qd6 7. 0-0 Nc6 8. Nb3 a6 9. Nbxd4 Nxd4 10. Nxd4 Qc7 11. Qe2 Bd6 12. h3 Ne7 13. Re1 0-0 14. c3 Ng6 15. Bb3 b5 16. a4 b4 17. c4 Bb7 18. Bc2 Bc5 19. Nf3 Nf4 20. Bxf4 Qxf4 21. Be4 Bxe4 22. Qxe4 Qxe4 23. Rxe4 Rfd8 24. Re2 Kf8 25. Kf1 Rac8 26. Rc1 Be7 27. b3 Bf6 28. Re3 Rd6 29. Ree1 Rcd8 30. Ke2 Rd3 31. Rb1 Rc3 32. Red1 Rc2+ 33. Ke3 Rxd1 34. Rxd1 Rb2 35. Rd3 Bc3 36. c5 Rc2 37. c6 Bf6 38. Nd4 Rc5 39. Rd2 e5 40. Nf3 Rxc6 41. Ke4 Rc3 42. Rd3 Rc2 43. Rd2 Rc1 44. Rd6 Rb1 45. Rxa6 Rxb3 46. Nxe5 Bxe5 47. Kxe5 Rb2 48. Ra8+ Ke7 49. Ra7+ Ke8 50. Ra8+ Kd7 51. Ra7+ Kc6 52. Rxf7 b3 53. Rf8 Kc5 54. Rc8+ Kb4 55. Rb8+ Kxa4 56. Ra8+ Kb4 57. Rb8+ Kc3 58. Rc8+ Kd3 59. Rd8+ Kc2 60. f4 Kb1 61. g4 Re2+ 62. Kf5 Rh2 63. Ke6 Rxh3 64. Kf7 Rh4 65. g5 Rxf4+ 66. Kxg7 Rh4 67. Rh8 Rh5 68. Kf6 b2 69. Rc8 Rh2 70. Kg7 Rc2 0-1

[Event "GER-ch 89th"]
[Site "Dresden"]
[Date "2018.08.09"]
[Round "7"]
[White "Gaede, Derek"]
[Black "Heimrath, Reiner"]
[Result "1/2-1/2"]
[WhiteElo "2298"]
[BlackElo "2200"]
[PlyCount "142"]
[EventDate "2018.08.03"]
[EventType "swiss"]
[EventRounds "9"]
[EventCountry "GER"]
[SourceTitle "CBM 185 Extra"]
[Source "ChessBase"]
[SourceDate "2018.07.29"]
[SourceVersion "1"]
[SourceVersionDate "2018.07.29"]
[SourceQuality "1"]

1. d4 Nf6 2. Nf3 g6 3. c4 Bg7 4. Nc3 0-0 5. e4 d6 6. h3 Nbd7 7. Bg5 h6 8. Be3 e5 9. d5 Nc5 10. Nd2 a5 11. Be2 Bd7 12. g4 c6 13. h4 cxd5 14. cxd5 Ne8 15. h5 a4 16. g5 hxg5 17. Rg1 g4 18. hxg6 fxg6 19. Bxg4 Nd3+ 20. Ke2 Nf4+ 21. Bxf4 exf4 22. Bxd7 f3+ 23. Nxf3 Qxd7 24. Qd3 Qf7 25. Rg2 a3 26. b3 Rc8 27. e5 Qxf3+ 28. Qxf3 Rxf3 29. Kxf3 Rxc3+ 30. Ke2 Bxe5 31. Rxg6+ Kf7 32. Rgg1 Rc2+ 33. Kd3 Rc5 34. Rad1 Nf6 35. Rh1 b5 36. Rc1 Rxd5+ 37. Ke2 b4 38. Rhd1 Rb5 39. Rc4 Ke6 40. f4 Bc3 41. Rc6 Rd5 42. f5+ Ke5 43. Rxd5+ Kxd5 44. Rc8 Ke5 45. Rd8 d5 46. Kd3 Kxf5 47. Rh8 Ke5 48. Rd8 Ke6 49. Rc8 Kd7 50. Ra8 Ne4 51. Ra5 Kc6 52. Ra6+ Kb5 53. Rh6 Nc5+ 54. Kc2 d4 55. Rd6 d3+ 56. Rxd3 Kc6 57. Rd8 Be5 58. Rc8+ Kd5 59. Rxc5+ Kxc5 60. Kb1 Bf6 61. Kc2 Kd4 62. Kb1 Kd3 63. Kc1 Bg5+ 64. Kb1 Kd2 65. Ka1 Kc3 66. Kb1 Bf6 67. Kc1 Be5 68. Kb1 Bf4 69. Ka1 Kd3 70. Kb1 Kd2 71. Ka1 Kc1 1/2-1/2

[Event "GER-ch 89th"]
[Site "Dresden"]
[Date "2018.08.07"]
[Round "5"]
[White "Gaede, Derek"]
[Black "Gungl, Theo"]
[Result "1/2-1/2"]
[WhiteElo "2298"]
[BlackElo "2283"]
[PlyCount "80"]
[EventDate "2018.08.03"]
[EventType "swiss"]
[EventRounds "9"]
[EventCountry "GER"]
[SourceTitle "CBM 185 Extra"]
[Source "ChessBase"]
[SourceDate "2018.07.29"]
[SourceVersion "1"]
[SourceVersionDate "2018.07.29"]
[SourceQuality "1"]

1. d4 d5 2. c4 c6 3. cxd5 cxd5 4. Bf4 Nc6 5. e3 Nf6 6. Nc3 a6 7. Be2 Bf5 8. Nf3 e6 9. Qb3 Ra7 10. 0-0 Bd6 11. Ne5 Bxe5 12. dxe5 Nd7 13. Qa3 Qe7 14. Qxe7+ Nxe7 15. g4 Bg6 16. Bg3 h5 17. h3 hxg4 18. hxg4 Nc5 19. Rad1 Ne4 20. Nxe4 Bxe4 21. f3 Bc2 22. Rd4 Nc6 23. Rc1 Bg6 24. Rd2 Ra8 25. b4 Ke7 26. a4 Rhc8 27. Rb2 Nd4 28. Rxc8 Nxe2+ 29. Kf2 Rxc8 30. Kxe2 Rc2+ 31. Rxc2 Bxc2 32. a5 Kd7 33. Kd2 Ba4 34. f4 g6 35. Bh4 Bb5 36. Ke1 Ba4 37. Ke2 Bc2 38. Bf6 Be4 39. Kf2 Ke8 40. Kg3 Bc2 1/2-1/2

[Event "GER-ch 89th"]
[Site "Dresden"]
[Date "2018.08.04"]
[Round "2"]
[White "Colpe, Malte"]
[Black "Gaede, Derek"]
[Result "1/2-1/2"]
[WhiteElo "2384"]
[BlackElo "2298"]
[PlyCount "84"]
[EventDate "2018.08.03"]
[EventType "swiss"]
[EventRounds "9"]
[EventCountry "GER"]
[SourceTitle "CBM 185 Extra"]
[Source "ChessBase"]
[SourceDate "2018.07.29"]
[SourceVersion "1"]
[SourceVersionDate "2018.07.29"]
[SourceQuality "1"]

1. e4 e6 2. d4 d5 3. exd5 exd5 4. Nf3 Nf6 5. Bd3 Bd6 6. Qe2+ Qe7 7. Qxe7+ Bxe7 8. Bf4 c6 9. 0-0 0-0 10. Re1 Re8 11. Nbd2 Nbd7 12. Re2 Nf8 13. Rae1 Ne6 14. Be5 a5 15. c3 b6 16. Ng5 h6 17. Nxe6 Bxe6 18. f4 Bd7 19. h3 a4 20. g4 b5 21. Bf5 Bf8 22. Bd3 Nh7 23. f5 f6 24. Bg3 Ng5 25. Kg2 Rxe2+ 26. Rxe2 Re8 27. Rxe8 Bxe8 28. a3 Nf7 29. Nf3 Nd6 30. Kf2 Kf7 31. Ke3 Ke7 32. Bf4 Kd7 33. Ne1 Bf7 34. Nc2 Nc4+ 35. Bxc4 dxc4 36. Bb8 Bd5 37. Kf2 c5 38. Ba7 Be4 39. Ne3 cxd4 40. Bxd4 Bd6 41. Nf1 Bd3 42. Ng3 Bxg3+ 1/2-1/2

[Event "Hamburg CC Easter op 4th"]
[Site "Hamburg"]
[Date "2018.04.02"]
[Round "7"]
[White "Genov, Petar"]
[Black "Gaede, Derek"]
[Result "1-0"]
[WhiteElo "2435"]
[BlackElo "2314"]
[PlyCount "75"]
[EventDate "2018.03.30"]
[EventType "swiss"]
[EventRounds "7"]
[EventCountry "GER"]
[SourceTitle "CBM 183 Extra"]
[Source "ChessBase"]
[SourceDate "2018.04.19"]
[SourceVersion "1"]
[SourceVersionDate "2018.04.19"]
[SourceQuality "1"]

1. d4 Nf6 2. c4 e6 3. Nf3 b6 4. g3 Bb4+ 5. Bd2 Be7 6. Nc3 Bb7 7. Bg2 c6 8. 0-0 0-0 9. Bf4 d5 10. Qb3 Nbd7 11. Rfd1 c5 12. cxd5 Nxd5 13. Ne5 Nxc3 14. Qxc3 Bxg2 15. Kxg2 Nxe5 16. dxc5 Nd7 17. c6 Qc8 18. Rxd7 Bf6 19. Qf3 Qa6 20. c7 Rac8 21. Rad1 e5 22. Be3 Qxa2 23. Qb7 h5 24. R1d2 Qa4 25. h3 Qc4 26. Qxa7 Qe4+ 27. Kh2 h4 28. g4 Ra8 29. Qxb6 Ra1 30. Rd1 Rxd1 31. Rxd1 Qa8 32. g5 Be7 33. Rd7 Re8 34. Rxe7 Rxe7 35. Qb8+ Re8 36. Qxa8 Rxa8 37. Bc5 f5 38. g6 1-0

[Event "Hamburg CC Easter op 4th"]
[Site "Hamburg"]
[Date "2018.03.31"]
[Round "3"]
[White "Schulz, Hans Juergen"]
[Black "Gaede, Derek"]
[Result "0-1"]
[WhiteElo "1849"]
[BlackElo "2314"]
[PlyCount "40"]
[EventDate "2018.03.30"]
[EventType "swiss"]
[EventRounds "7"]
[EventCountry "GER"]
[SourceTitle "CBM 183 Extra"]
[Source "ChessBase"]
[SourceDate "2018.04.19"]
[SourceVersion "1"]
[SourceVersionDate "2018.04.19"]
[SourceQuality "1"]

1. e4 e6 2. Nf3 d5 3. e5 c5 4. b4 b6 5. b5 Nd7 6. c3 f6 7. d4 fxe5 8. dxe5 c4 9. Bf4 Ne7 10. g3 Ng6 11. Nd4 Ngxe5 12. Bxe5 Nxe5 13. Qh5+ Nf7 14. Nd2 Bc5 15. N2f3 0-0 16. Rd1 Qf6 17. Bg2 e5 18. Ne2 e4 19. Nfd4 Ne5 20. 0-0 Bg4 0-1

[Event "Hamburg CC Easter op 4th"]
[Site "Hamburg"]
[Date "2018.03.30"]
[Round "2"]
[White "Gaede, Derek"]
[Black "Guenther, Patrick"]
[Result "1/2-1/2"]
[WhiteElo "2314"]
[BlackElo "2072"]
[PlyCount "285"]
[EventDate "2018.03.30"]
[EventType "swiss"]
[EventRounds "7"]
[EventCountry "GER"]
[SourceTitle "CBM 183 Extra"]
[Source "ChessBase"]
[SourceDate "2018.04.19"]
[SourceVersion "1"]
[SourceVersionDate "2018.04.19"]
[SourceQuality "1"]

1. d4 Nf6 2. Nf3 d5 3. Bf4 e6 4. e3 Bd6 5. Bg3 0-0 6. Nbd2 c5 7. c3 Nc6 8. Bd3 b6 9. e4 Be7 10. e5 Nh5 11. a3 g6 12. Qe2 Bd7 13. Qe3 cxd4 14. cxd4 f6 15. exf6 Bxf6 16. Bd6 Be7 17. Bxe7 Qxe7 18. 0-0 Qf6 19. Rfe1 Ng7 20. Rac1 Nf5 21. Bxf5 Qxf5 22. Rc3 Rac8 23. Rec1 Kg7 24. Nf1 Rfe8 25. Qd2 h6 26. h3 Rf8 27. b4 b5 28. Rc5 a6 29. R1c3 Qb1 30. Qe3 Qe4 31. Qd2 Qb1 32. Rc1 Qf5 33. Ne3 Qf4 34. Qd3 Rc7 35. R1c2 Rd8 36. Ng4 Ne7 37. Nge5 Rxc5 38. bxc5 Bc6 39. Qc3 Qf8 40. Qa5 Ra8 41. Qc7 Rc8 42. Qb6 Qd8 43. Qxa6 Qc7 44. Qb6 g5 45. Rb2 Qxb6 46. cxb6 Be8 47. Nd3 Rb8 48. Nc5 Rxb6 49. a4 Kf6 50. a5 Rb8 51. Ne5 Ra8 52. a6 Nf5 53. Rb4 Ke7 54. g4 Nd6 55. Rb1 Nc4 56. Re1 Nxe5 57. Rxe5 Bd7 58. Kf1 Bc8 59. Ke1 Kf7 60. Kd2 b4 61. Kc2 Bxa6 62. Rxe6 Bf1 63. Rb6 Ra2+ 64. Kb3 Rxf2 65. Nd7 Rf3+ 66. Kxb4 Rxh3 67. Ne5+ Ke7 68. Rg6 Bg2 69. Rxg5 Be4 70. Rg8 Rh1 71. g5 Rb1+ 72. Kc3 Rg1 73. Kd2 Ke6 74. Ke3 Re1+ 75. Kf2 Rd1 76. Re8+ Kd6 77. Ke3 Re1+ 78. Kf2 Rd1 79. g6 Bxg6 80. Rd8+ Ke7 81. Rxd5 Be4 82. Rd7+ Ke6 83. Ke3 Bd5 84. Ra7 Re1+ 85. Kd2 Rh1 86. Nd3 Rh2+ 87. Kc3 Kd6 88. Ra6+ Kc7 89. Nf4 Bb7 90. Rf6 Rh1 91. Rf7+ Kb6 92. d5 Bxd5 93. Nxd5+ Kc5 94. Nb4 Rh4 95. Nd3+ Kd5 96. Rf5+ Ke6 97. Rf1 Kd6 98. Nf4 Kc5 99. Rf3 Rg4 100. Kd3 Rg1 101. Ne2 Rd1+ 102. Ke4 Rd8 103. Rc3+ Kb6 104. Nf4 Rd1 105. Nd3 Rh1 106. Kd5 Rd1 107. Rb3+ Kc7 108. Kc5 Kd7 109. Kd5 Ke7 110. Ke5 Kd7 111. Rc3 Rh1 112. Kd5 Rd1 113. Rb3 Ke7 114. Ke5 Kd7 115. Nc5+ Kc6 116. Ne4 Re1 117. Rc3+ Kb5 118. Rc2 Rh1 119. Nc3+ Kb4 120. Nd5+ Kb5 121. Nc3+ Kb4 122. Kd4 Rh4+ 123. Ne4 Kb5 124. Rc5+ Kb6 125. Re5 Rh1 126. Re6+ Kc7 127. Nc3 Rh4+ 128. Kc5 Kd7 129. Re1 Rh2 130. Re3 Rc2 131. Kd5 Rd2+ 132. Ke5 Rh2 133. Nd5 Rh5+ 134. Kd4 Kd6 135. Nf4 Ra5 136. Re6+ Kd7 137. Rb6 Ke7 138. Nd5+ Kf7 139. Ke5 Ra1 140. Rb7+ Kg6 141. Nf4+ Kg5 142. Rg7+ Kh4 143. Ng2+ 1/2-1/2

[Event "Oberliga Nord N 1718"]
[Site "Germany"]
[Date "2017.10.23"]
[Round "2.1"]
[White "Gaede, Derek"]
[Black "Fries Nielsen, Jens Ove"]
[Result "0-1"]
[WhiteElo "2314"]
[BlackElo "2359"]
[PlyCount "80"]
[EventDate "2017.10.08"]
[EventType "team-tourn"]
[EventRounds "9"]
[EventCountry "GER"]
[SourceTitle "EXT 2019"]
[Source "ChessBase"]
[SourceDate "2018.10.10"]
[SourceVersion "1"]
[SourceVersionDate "2018.10.10"]
[SourceQuality "1"]
[WhiteTeam "Hamburger SK III"]
[BlackTeam "Bargteheide"]
[WhiteTeamCountry "GER"]
[BlackTeamCountry "GER"]

1. d4 Nf6 2. Nf3 d6 3. c4 Nbd7 4. g3 e5 5. Bg2 Be7 6. Nc3 0-0 7. 0-0 c6 8. b3 e4 9. Nh4 d5 10. Nf5 Bb4 11. Bb2 Nb8 12. Ne3 Be6 13. f3 exf3 14. Rxf3 Nbd7 15. Qd3 Re8 16. Raf1 Bxc3 17. Bxc3 Ne4 18. Bb2 Ndf6 19. Nf5 Qa5 20. Bc1 Bxf5 21. Rxf5 Qxa2 22. cxd5 cxd5 23. Bxe4 Rxe4 24. Rxf6 gxf6 25. Qf3 Qa6 26. Bh6 Qe6 27. e3 Rc8 28. Qh5 Rxe3 29. Bxe3 Qxe3+ 30. Kg2 Qe4+ 31. Kh3 Qe6+ 32. Rf5 Kh8 33. Qf3 Rf8 34. g4 Kg7 35. Qf4 Re8 36. Kh4 Qe3 37. Qd6 Qxd4 38. Rxd5 Qf2+ 39. Kh5 Re5+ 40. Rxe5 Qxh2# 0-1

[Event "Kiel op 30th"]
[Site "Kiel"]
[Date "2017.08.04"]
[Round "9.3"]
[White "Krause, Jonah"]
[Black "Gaede, Derek"]
[Result "1-0"]
[WhiteElo "2328"]
[BlackElo "2340"]
[PlyCount "115"]
[EventDate "2017.07.29"]
[EventType "swiss"]
[EventRounds "9"]
[EventCountry "GER"]
[SourceTitle "EXT 2018"]
[Source "ChessBase"]
[SourceDate "2017.10.13"]
[SourceVersion "1"]
[SourceVersionDate "2017.10.13"]
[SourceQuality "1"]

1. Nf3 Nf6 2. c4 e6 3. g3 d5 4. Bg2 d4 5. d3 c5 6. e3 Nc6 7. exd4 cxd4 8. 0-0 Bd6 9. Bg5 h6 10. Bxf6 Qxf6 11. a3 a5 12. Nbd2 Qd8 13. Rc1 0-0 14. c5 Bc7 15. Re1 e5 16. b3 Bf5 17. Qc2 Re8 18. Rb1 Be6 19. Nc4 Bd5 20. b4 axb4 21. axb4 f5 22. b5 e4 23. Nh4 Ne5 24. Nxe5 Ra2 25. Qd1 Rxe5 26. dxe4 Bxe4 27. Bxe4 fxe4 28. Rxe4 Rxe4 29. Qb3+ Kh7 30. Qxa2 d3 31. Qf7 Qd4 32. Rd1 Rxh4 33. Qf5+ Kh8 34. gxh4 d2 35. h3 Bf4 36. c6 Qa4 37. Qg4 bxc6 38. bxc6 Qc4 39. Qf3 Kg8 40. Kg2 Kh8 41. Ra1 Qd4 42. Rd1 Kh7 43. Kg1 Kh8 44. Qe2 Qd6 45. Qe4 Bh2+ 46. Kg2 Bf4 47. h5 Be5 48. c7 Qxc7 49. Rxd2 Bf6 50. Rc2 Qb8 51. f3 Be5 52. Qf5 Bc7 53. Qd7 Bd8 54. Qe8+ Kh7 55. Qg6+ Kh8 56. Re2 Be7 57. Rxe7 Qb2+ 58. Kh1 1-0

[Event "Hamburg CC Easter op 3rd"]
[Site "Hamburg"]
[Date "2017.04.16"]
[Round "6"]
[White "Gaede, Derek"]
[Black "Hinrichs, Jan"]
[Result "1/2-1/2"]
[WhiteElo "2285"]
[BlackElo "2190"]
[PlyCount "101"]
[EventDate "2017.04.14"]
[EventType "swiss"]
[EventRounds "7"]
[EventCountry "GER"]
[SourceTitle "CBM 177 Extra"]
[Source "ChessBase"]
[SourceDate "2017.04.27"]
[SourceVersion "1"]
[SourceVersionDate "2017.04.27"]
[SourceQuality "1"]

1. d4 d5 2. c4 c6 3. cxd5 cxd5 4. Bf4 e6 5. Nc3 Bd6 6. Bxd6 Qxd6 7. e3 a6 8. Bd3 f5 9. Qh5+ g6 10. Qh4 Nc6 11. Nf3 Qe7 12. Qxe7+ Kxe7 13. Na4 Nf6 14. Rc1 Bd7 15. Nb6 Rae8 16. Ke2 Kd6 17. Rhd1 Rhg8 18. h4 h6 19. Ne5 Nxe5 20. dxe5+ Kxe5 21. Bxa6 Kd6 22. Bd3 Bc6 23. b4 Nd7 24. Nxd7 Bxd7 25. Rd2 Ra8 26. Rb2 Ra3 27. Kd2 Rga8 28. Rcc2 e5 29. g3 Be6 30. f4 e4 31. Be2 h5 32. b5 d4 33. exd4 Rxa2 34. Rxa2 Rxa2 35. Rxa2 Bxa2 36. Kc3 Kd5 37. Bf1 b6 38. Be2 Kd6 39. Bf1 Bb1 40. Bc4 Ke7 41. Kb2 Bd3 42. Bxd3 exd3 43. Kc3 Kd6 44. Kxd3 Kd5 45. Kc3 Ke6 46. Kc4 Kd6 47. d5 Ke7 48. Kc3 Kd7 49. Kd3 Ke7 50. Kd4 Kd6 51. Kc4 1/2-1/2

[Event "Hamburg CC Easter op 3rd"]
[Site "Hamburg"]
[Date "2017.04.16"]
[Round "5"]
[White "Trisic, Aleksandar"]
[Black "Gaede, Derek"]
[Result "0-1"]
[WhiteElo "2294"]
[BlackElo "2285"]
[PlyCount "120"]
[EventDate "2017.04.14"]
[EventType "swiss"]
[EventRounds "7"]
[EventCountry "GER"]
[SourceTitle "CBM 177 Extra"]
[Source "ChessBase"]
[SourceDate "2017.04.27"]
[SourceVersion "1"]
[SourceVersionDate "2017.04.27"]
[SourceQuality "1"]

1. d4 Nf6 2. Nf3 e6 3. c4 b6 4. g3 Ba6 5. b3 Bb4+ 6. Bd2 Be7 7. Bg2 d5 8. cxd5 exd5 9. 0-0 0-0 10. Bf4 Re8 11. Ne5 Bb7 12. Nc3 Nbd7 13. Nb5 Nf8 14. Bh3 c6 15. Nxf7 Kxf7 16. Bc7 cxb5 17. Bxd8 Raxd8 18. Rc1 Bd6 19. Qd3 b4 20. f3 Kg8 21. Bg2 Re7 22. Rfe1 Rde8 23. e3 h5 24. Rc2 h4 25. gxh4 Ne6 26. Rce2 Nc7 27. Rc2 Ba6 28. Qg6 Nb5 29. Rc6 Bb7 30. Rxd6 Nxd6 31. Qd3 Nh5 32. Qd2 a5 33. Bf1 Nf5 34. Bb5 Rc8 35. Qg2 Nxd4 36. Bd7 Rf8 37. Bg4 Nf6 38. Rd1 Nxg4 39. Rxd4 Nxe3 40. Qg5 Rxf3 41. Rf4 Rxf4 42. Qxf4 Kh7 43. h5 Ba6 44. Qd6 Rf7 45. Qg6+ Kg8 46. Qe6 d4 47. h6 gxh6 48. Qe8+ Kg7 49. Qe5+ Kh7 50. Qe4+ Nf5 51. Qe6 Rg7+ 52. Kf2 Bd3 53. Kf3 Nh4+ 54. Kf4 Bg6 55. Qxb6 Rf7+ 56. Kg4 Nf3 57. h4 h5+ 58. Kg3 d3 59. Qd6 d2 60. Qd5 Kg7 0-1

[Event "Oberliga Nord N 1617"]
[Site "Germany"]
[Date "2016.10.16"]
[Round "1.5"]
[White "Gaede, Derek"]
[Black "Breyther, Ruediger"]
[Result "1/2-1/2"]
[WhiteElo "2251"]
[BlackElo "2247"]
[PlyCount "73"]
[EventDate "2016.10.16"]
[EventType "team-tourn"]
[EventRounds "9"]
[EventCountry "GER"]
[SourceTitle "EXT 2018"]
[Source "ChessBase"]
[SourceDate "2017.10.13"]
[SourceVersion "1"]
[SourceVersionDate "2017.10.13"]
[SourceQuality "1"]
[WhiteTeam "Hamburger SK"]
[BlackTeam "St Pauli"]
[WhiteTeamCountry "GER"]
[BlackTeamCountry "GER"]

1. d4 Nf6 2. c4 e6 3. Nf3 b6 4. g3 Bb4+ 5. Bd2 Be7 6. Bg2 Bb7 7. Nc3 c6 8. e4 d5 9. exd5 cxd5 10. Ne5 0-0 11. 0-0 Nc6 12. cxd5 Nxe5 13. d6 Nc6 14. dxe7 Qxe7 15. Bg5 h6 16. d5 Na5 17. Bxf6 Qxf6 18. dxe6 Bxg2 19. Kxg2 Qxe6 20. Qf3 Rad8 21. Rfe1 Qc6 22. Rad1 Qxf3+ 23. Kxf3 Nc6 24. Nd5 Rfe8 25. Ne7+ Nxe7 26. Rxe7 Rxe7 27. Rxd8+ Kh7 28. b4 Kg6 29. b5 Kf6 30. a4 Rc7 31. Ra8 Ke6 32. Ke3 Kd6 33. Kd3 Kc5 34. Kc3 Kd5+ 35. Kd3 Kc5 36. Kc3 Kd5+ 37. Kd3 1/2-1/2

[Event "Oberliga Nord N 1516"]
[Site "Germany"]
[Date "2016.04.10"]
[Round "9.6"]
[White "Junge, Ralf"]
[Black "Gaede, Derek"]
[Result "1-0"]
[WhiteElo "2208"]
[BlackElo "2265"]
[PlyCount "59"]
[EventDate "2015.09.20"]
[EventType "team-tourn"]
[EventRounds "9"]
[EventCountry "GER"]
[SourceTitle "EXT 2017"]
[Source "ChessBase"]
[SourceDate "2016.10.25"]
[SourceVersion "1"]
[SourceVersionDate "2016.10.25"]
[SourceQuality "1"]
[WhiteTeam "Kiel Turm"]
[BlackTeam "Hamburger SK III"]
[WhiteTeamCountry "GER"]
[BlackTeamCountry "GER"]

1. d4 Nf6 2. c4 e6 3. Nc3 Bb4 4. f3 d5 5. a3 Bxc3+ 6. bxc3 0-0 7. e3 b6 8. cxd5 exd5 9. Ne2 Ba6 10. g4 Nc6 11. Bg2 Na5 12. Ng3 Ne8 13. h4 Nd6 14. e4 Re8 15. e5 c5 16. a4 cxd4 17. cxd4 f6 18. Kf2 fxe5 19. dxe5 Ndc4 20. f4 Qe7 21. Bxd5+ Kh8 22. Bxa8 Rxa8 23. Nf5 Qc5+ 24. Qd4 Qc7 25. Ra2 Rd8 26. Qc3 Bb7 27. Re1 Qc5+ 28. Kg3 Qd5 29. e6 Rg8 30. Ne7 1-0